000 00363nam a2200181Ia 4500
100 _aWaerden/Van der
650 _aAlgebra
490 _v1
942 _cBK
366 _f20
654 _aAlgebra
245 _aAlgebra
260 _bSpringer International
_aNew Delhi
_c1991
082 _a512/WAE
_bWAE
300 _a265
546 _aENGLISH
999 _c24751
_d24751